000 01254nab a2200241 i 4500
001 768714001
003 CO-MdFUSB
005 20240801121835.0
008 240801t1992 -us||||| |||| 00| 0 eng d
040 _bspa
_cCO-MdFUSB
_dCO-MdFUSB
041 _aeng
100 _aSchineller, Peter,
_eautor
245 1 _aInculturation and syncretism :
_bwhat is the real issue?
_c/ Peter Schineller
520 _aMuchos teólogos ven el sincretismo de una manera más positiva, a menudo abordándolo desde una perspectiva antropológica más que teológica, como se menciona en este artículo; para ellos es una etapa necesaria en el proceso de inculturación. Este ensayo se centra en los criterios para distinguir la inculturación adecuada y válida de los intentos de inculturación inadecuados e inválidos.
546 _aTexto en inglés.
650 0 _aSincretismo (Religión)
_9961
650 7 _aAntropología cultural y social
_96714
650 7 _aIglesia
_9655
650 0 _aEvangelización
_9362
773 0 _049483
_982863
_oR2727
_tInternational Bulletinof Missionary Research
_w(CO-MdFUSB)768714001
_x0272-6122
_gVolumen 16, (número 2, 1992), páginas: 50 - 53
_qpágina: 50
942 _cANA
945 _aCatherine Arias Álvarez - Practicante SENA
999 _c70689
_d70689